00415nam a2200169Ia 4500008004100000020001800041245002700059245001400086245004800100260001500148260001600163260000900179300001500188300002500203300001000228500000700238170705s9999 xx 000 0 und d a9780590273664 aLet's get the rhythm : ba chant / cAnne Miranda ; pictures by Nancy Carpenter. aNew York : bScholastic, c1994 a16 pages : bcolor illustration ; c24cm. aBR